Paroles - Le chant des cygnes, Indochine - Statistiques

Statistiques générales
  • Ce quiz a été pris 164 fois
  • Le résultat moyen est 160 sur 200
Statistiques - réponses
Réponse % Correct
la
99%
La
99%
de
98%
De
98%
des
97%
Des
97%
le
97%
A
95%
à
95%
chant
94%
cygne
94%
cygnes
94%
les
94%
Les
94%
C'est
93%
c'est
93%
Que
91%
Je
89%
je
89%
au
88%
Au
88%
héroïnes
88%
guerre
87%
ne
87%
Ne
87%
pas
87%
guerrières
86%
l'assaut
86%
salauds
86%
fille
85%
orphelines
85%
toi
85%
civile
84%
cœur
84%
filles
84%
ville
84%
j'irai
83%
J'irai
83%
pendant
83%
dans
82%
là-bas
82%
seul
82%
personne
81%
qui
81%
tout
81%
besoin
80%
Ça
80%
n'aurai
80%
Cette
79%
cette
79%
regarde
79%
sauf
79%
Et
78%
et
78%
mourir
78%
n'existe
78%
taureaux
78%
mais
77%
Mais
77%
un
76%
comme
72%
Comme
72%
plus
72%
encore
71%
forte
70%
une
70%
Ils
69%
Sois
69%
derrière
68%
par
68%
te
68%
corps
67%
toujours
67%
déchirés
66%
milliers
66%
racine
66%
seront
66%
Ton
66%
retourne
65%
amoureuse
64%
tant
64%
devenir
63%
J'aimerais
63%
Danser
60%
fleurs
59%
fanées
56%
croise
54%
torrents
53%
prisons
51%
garçons
50%
du
49%
Du
49%
fond
49%
sauvages
48%
maman
47%
tombeaux
46%
rage
44%
dis
42%
raison
42%
courage
41%
noir
41%
ont
41%
qu'elles
41%
stupéfaits
41%
quitte
40%
frissons
38%
Aua
3%
Aucun quiz correspondant
Distribution des résultats
% des personnes avec chaque résultat
Percentile par nombre de réponses
Votre historique - résultats
Vous n’avez pas pris ce quiz